[Event "PNWCC Online blitz JP 2nd"]
[Site "Chess.com INT"]
[Date "2020.03.21"]
[Round "2"]
[White "Guo, Edward"]
[Black "Tu, Robin"]
[Result "0-1"]
[WhiteElo "1640"]
[BlackElo "1618"]
[PlyCount "116"]
[EventDate "2020.03.21"]
[EventType "swiss (blitz)"]
[EventRounds "11"]
[EventCountry "USA"]
[SourceTitle "CBM 195 Extra"]
[Source "ChessBase"]
[SourceDate "2020.05.31"]
[SourceVersion "1"]
[SourceVersionDate "2020.05.31"]
[SourceQuality "1"]

1. e4 d6 2. d4 Nf6 3. Nc3 g6 4. Nf3 Bg7 5. Bg5 0-0 6. Bxf6 exf6 7. Bd3 Bg4 8. h3 Bxf3 9. Qxf3 Nc6 10. h4 Nxd4 11. Qe3 f5 12. 0-0-0 fxe4 13. Nxe4 c5 14. c3 Nf5 15. Qf3 Qa5 16. Kb1 b5 17. g4 b4 18. gxf5 bxc3 19. Nxc3 Rab8 20. Rc1 Bxc3 21. Rc2 Qb4 22. fxg6 fxg6 23. Qd5+ Kg7 24. Qb3 Qxb3 25. axb3 Bd4 26. h5 Rxb3 27. Bc4 Rbf3 28. hxg6 hxg6 29. Bd5 Rxf2 30. Rxf2 Rxf2 31. Re1 Rxb2+ 32. Kc1 a5 33. Re4 Rh2 34. Re7+ Kh6 35. Ra7 Bc3 36. Bg8 Kg5 37. Rd7 Bd2+ 38. Kd1 Bf4 39. Ra7 Ra2 40. Bxa2 Kg4 41. Rxa5 g5 42. Ra8 Kg3 43. Ke2 g4 44. Rg8 Kh3 45. Be6 Be5 46. Rxg4 Kh2 47. Bd5 Kh3 48. Rg1 Kh4 49. Kd3 Kh3 50. Ke3 Kh4 51. Kf3 Kh5 52. Ke4 Kh4 53. Rh1+ Kg3 54. Rh6 Kf2 55. Rg6 Ke2 56. Rg2+ Kf1 57. Kf3 Ke1 58. Re2+ Kd1 0-1

[Event "PNWCC Online blitz JP 2nd"]
[Site "Chess.com INT"]
[Date "2020.03.21"]
[Round "5"]
[White "Guo, Edward"]
[Black "Zhu, Ryan"]
[Result "0-1"]
[WhiteElo "1640"]
[BlackElo "1349"]
[PlyCount "62"]
[EventDate "2020.03.21"]
[EventType "swiss (blitz)"]
[EventRounds "11"]
[EventCountry "USA"]
[SourceTitle "CBM 195 Extra"]
[Source "ChessBase"]
[SourceDate "2020.05.31"]
[SourceVersion "1"]
[SourceVersionDate "2020.05.31"]
[SourceQuality "1"]

1. e4 c5 2. Nf3 d6 3. d4 cxd4 4. Nxd4 Nf6 5. Nc3 a6 6. a4 e6 7. Be2 b6 8. Be3 Bb7 9. 0-0 Be7 10. f4 0-0 11. Bf3 Qc7 12. Kh1 Nbd7 13. Qd2 Rac8 14. Rad1 Rfd8 15. g4 h6 16. Rg1 Kh8 17. Qg2 Rg8 18. g5 hxg5 19. fxg5 Nh7 20. Qh3 g6 21. Nde2 Kg7 22. Bd4+ e5 23. Be3 Rh8 24. Ng3 Nxg5 25. Qg2 Nxf3 26. Qxf3 Rh7 27. Rdf1 f6 28. Qg2 Rch8 29. Nf5+ Kf7 30. Qxg6+ Kf8 31. Nxe7 Rxh2# 0-1

[Event "PNWCC Online blitz JP 2nd"]
[Site "Chess.com INT"]
[Date "2020.03.21"]
[Round "3"]
[White "Zhang, Michael"]
[Black "Guo, Edward"]
[Result "0-1"]
[WhiteElo "2022"]
[BlackElo "1640"]
[PlyCount "80"]
[EventDate "2020.03.21"]
[EventType "swiss (blitz)"]
[EventRounds "11"]
[EventCountry "USA"]
[SourceTitle "CBM 195 Extra"]
[Source "ChessBase"]
[SourceDate "2020.05.31"]
[SourceVersion "1"]
[SourceVersionDate "2020.05.31"]
[SourceQuality "1"]

1. e4 e5 2. Nf3 Nc6 3. Nc3 Nf6 4. Bb5 d6 5. d4 exd4 6. Nxd4 Bd7 7. Nxc6 bxc6 8. Be2 Be7 9. 0-0 0-0 10. Bd3 c5 11. Qf3 Bc6 12. Qg3 Nd7 13. Bh6 Bf6 14. Rfe1 Ne5 15. Nd5 Bxd5 16. exd5 Nxd3 17. cxd3 Kh8 18. Bd2 Re8 19. Rxe8+ Qxe8 20. Rb1 Qe2 21. Bc3 Bxc3 22. bxc3 Re8 23. h3 h6 24. Kh2 Qxa2 25. Rb7 Qxd5 26. Rxa7 Qc6 27. Ra3 Rb8 28. Ra7 Qb6 29. Ra3 Qb2 30. Ra7 Rb7 31. Ra8+ Kh7 32. Rf8 Qxc3 33. Rxf7 Rb8 34. Qe3 Rg8 35. Qe4+ Kh8 36. Qh4 Qe5+ 37. Kh1 Re8 38. Rxc7 d5 39. Qg4 Qxc7 40. Qf5 Re1# 0-1